Taller regional sobre la problemática fronteriza, producción organización y capacitación en Talamanca, región Huetar Atlántica

Guardat en:
Dades bibliogràfiques
Autor principal: León Pérez, Carlos
Format: Text
Publicat: Heredia: Universidad Nacional
Etiquetes: Afegir etiqueta
Sense etiquetes, Sigues el primer a etiquetar aquest registre!

MARC

LEADER 00000 a a2200000 04500
001 21228
003
040 |a CRAI/IIS  |c CRAI/IIS 
090 |a 092600  
100 |a León Pérez, Carlos  
245 |a Taller regional sobre la problemática fronteriza, producción organización y capacitación en Talamanca, región Huetar Atlántica  
260 |a Heredia:   |b Universidad Nacional  
300 |a 9 p.  
999 |c 13929  |d 13929